| Registos Bibliográficos associados ao registo de autoridade |
|
Etiqueta de registo: 00254nca 2200025 450 001 1984298 003 http://id.bnportugal.gov.pt/bib/catbnp/1984298 100 ## $a20180305d19060315m y0pory01030103ba 101 0# $apor 102 ## $aPT 200 1# $aFado$eMúsica impressa]$fVictorino Silva 312 ## $aSemana Illustrada. S. 4, n.º 99 (15 Março 1906) 317 ## $aProv. IPPC, Fundo do Conde de Redondo$5PTBN: F.C.R. 878 A. 606 ## $aMúsica para piano$zSéc. 19-20$j[Música impressa]$2SIPOR$31313660 675 ## $a78.083$vBN$zpor$3519108 675 ## $a786.2(=1:469)$vBN$zpor$31387138 675 ## $a78.089.6$vBN$zpor$3536969 700 #1 $aSilva,$bVictorino,$ffl. 1906$31706382 712 01 $aPortugal.$bInstituto Português do Património Cultural.$bDepartamento de Musicologia$4390$3285717 801 #0 $aPT$bBN$gRPC 966 ## $lBN$mMUSICA$sF.C.R. 878 A. $x6
Etiqueta de registo: 00000ndm 2200025 001 2274850 003 http://id.bnportugal.gov.pt/bib/catbnp/2274850 100 ## $a20260302g19431946k y0pory01030103ba 101 0# $apor 102 ## $aPT 106 ## $ah 200 1# $aFlor d'Aldeia$bMúsica manuscrita]$eRomanza para: Baixo$fLetra de: Victorino Silva$gMúsica de: Alfredo Mântua 210 #1 $d1943; 21-4-1946 215 ## $a2 partituras (4, 4 p.)$d31 x 23 cm$e1 folha datilografada com a letra 300 ## $aPartitura para orquestra na cota EMUS16 4118 e para sexteto na cota EMUS16 4119 300 ## $aAssinado pelo autor no final 304 ## $aA lápis na capa da primeira partitura: "Esta capa foi escrita por Maria Mântua = 21-4-946" 306 ## $aDatas recolhidas do final da partitura "modificada em 1943" e da capa "21-4-946",
a lápis,apenas na primeira partitura 307 ## $aDois exemplares da mesma partitura 317 ## $aEspólio de Alfredo Mântua 500 11 $aCanções,$rB, pf 675 ## $a78.089.6$vBN$zpor$3536969 700 #1 $aMântua,$bAlfredo,$f1880-1944$380191 701 #1 $aSilva,$bVictorino,$ffl. 1906$4520$31706382 702 #1 $aMântua,$bMaria Alice Albertina,$f1929-2017$4060$31558749 801 #0 $aPT$bBN$gRPC 966 ## $lBN$mMUSICA$sEMUS16 4120$x7 971 ## $cCatmusica5$d20260303 995 ## $aPRR2026
|
|
|